تطوير تدريس مقرر الميكانيكا للصف الثانى الثانوى العلمى باستخدام المدخل المعملى / (رقم التسجيلة. 38136)

تفاصيل مارك
000 -LEADER
fixed length control field 01341cam a2200277 a 4500
003 - CONTROL NUMBER IDENTIFIER
control field EG-GiCUC
005 - DATE AND TIME OF LATEST TRANSACTION
control field 20250223030612.0
008 - FIXED-LENGTH DATA ELEMENTS--GENERAL INFORMATION
fixed length control field 120403s1988 ua e f m 000 0 ara d
040 ## - CATALOGING SOURCE
Original cataloging agency EG-GiCUC
Language of cataloging ara
Transcribing agency EG-GiCUC
041 0# - LANGUAGE CODE
Language code of text/sound track or separate title ara
049 ## - LOCAL HOLDINGS (OCLC)
Holding library اهداء
097 ## - Thesis Degree
Thesis Level ماجستير
099 ## - LOCAL FREE-TEXT CALL NUMBER (OCLC)
Classification number Cai01.34.M.Sc.1988.مر.ت
100 0# - MAIN ENTRY--PERSONAL NAME
Personal name مرفت فتحى رياض أمين
245 10 - TITLE STATEMENT
Title تطوير تدريس مقرر الميكانيكا للصف الثانى الثانوى العلمى باستخدام المدخل المعملى /
Statement of responsibility, etc. مرفت فتحى رياض أمين ؛ اشراف وليم تاوضروس عبيد : ابراهيم السيد حسين
246 15 - VARYING FORM OF TITLE
Title proper/short title Developing the teaching of the mechanics syllabus of the secondary school 2nd Grade using the laboratory approach
260 ## - PUBLICATION, DISTRIBUTION, ETC.
Place of publication, distribution, etc. المنيا :
Name of publisher, distributor, etc. مرفت فتحى رياض أمين :
Date of publication, distribution, etc. 1988
300 ## - PHYSICAL DESCRIPTION
Extent 283ورقة :
Other physical details رسوم هندسية ؛
Dimensions 30سم
502 ## - DISSERTATION NOTE
Dissertation note اطروحة (ماجستير) - جامعة المنيا - كلية التربية - قسم المناهج وطرق التدريس
700 0# - ADDED ENTRY--PERSONAL NAME
Personal name ابراهيم السيد حسين :
Relator term
700 0# - ADDED ENTRY--PERSONAL NAME
Personal name وليم تاوضروس عبيد :
Relator term
856 ## - ELECTRONIC LOCATION AND ACCESS
Uniform Resource Identifier <a href="http://172.23.153.220/th.pdf">http://172.23.153.220/th.pdf</a>
905 ## - LOCAL DATA ELEMENT E, LDE (RLIN)
Cataloger Fatma
Reviser Cataloger
905 ## - LOCAL DATA ELEMENT E, LDE (RLIN)
Cataloger Nazla
Reviser Revisor
942 ## - ADDED ENTRY ELEMENTS (KOHA)
Source of classification or shelving scheme Dewey Decimal Classification
Koha item type Thesis
المقتنيات
Source of classification or shelving scheme Not for loan Home library Current library Date acquired Full call number Barcode Date last seen Koha item type
Dewey Decimal Classification   المكتبة المركزبة الجديدة - جامعة القاهرة قاعة الرسائل الجامعية - الدور الاول 11.02.2024 Cai01.34.M.Sc.1988.مر.ت 01010100016833000 22.09.2023 Thesis
Cairo University Libraries Portal Implemented & Customized by: Eng. M. Mohamady Contacts: new-lib@cl.cu.edu.eg | cnul@cl.cu.edu.eg
CUCL logo CNUL logo
© All rights reserved — Cairo University Libraries
CUCL logo
Implemented & Customized by: Eng. M. Mohamady Contact: new-lib@cl.cu.edu.eg © All rights reserved — New Central Library
CNUL logo
Implemented & Customized by: Eng. M. Mohamady Contact: cnul@cl.cu.edu.eg © All rights reserved — Cairo National University Library